000 00517nam a2200181Ia 4500
005 20250508162246.0
008 008 250505s9999 xx 000 0 san d
037 _aTextual
040 _aFEDL
_beng
_cFEDL
041 _asan
_2san
084 _a194.5, BHA
_qFEDL
100 _aBhattacharya Bhabani Prasad
245 0 _aAsvalayana and apastamba Vol. 1
260 _aCalcutta, India
_bSanskrit Pustak Bhandar
_c1978
300 _axi,180p.
942 _cTEXL
_h194.5, BHA
999 _c1375422
_d1375422